Commentaries on living: (Record no. 15993)
[ view plain ]
| 000 -LEADER | |
|---|---|
| fixed length control field | 02375nam a22003253a 4500 |
| 005 - DATE AND TIME OF LATEST TRANSACTION | |
| control field | 20051014160153.0 |
| 008 - FIXED-LENGTH DATA ELEMENTS--GENERAL INFORMATION | |
| fixed length control field | 050725t20052003nyu | 00| 0 eng d |
| 010 ## - LCCN (DPL NO) | |
| LC control number | B-317061-066 |
| 020 ## - INTERNATIONAL STANDARD BOOK NUMBER | |
| International Standard Book Number | 8187326298 |
| Terms of availability | 175.00 |
| 035 ## - SYSTEM CONTROL NUMBER | |
| System control number | B-317061-066 |
| 035 ## - SYSTEM CONTROL NUMBER | |
| System control number | B-358646 |
| 037 ## - SOURCE OF ACQUISITION | |
| Source of stock number/acquisition | UBH (vendor) |
| 040 ## - CATALOGING SOURCE | |
| Original cataloging agency | dpl |
| Language of cataloging | English |
| 082 ## - DEWEY DECIMAL CLASSIFICATION NUMBER | |
| Classification number | 181.499 |
| 245 ## - TITLE STATEMENT | |
| Title | Commentaries on living: |
| Statement of responsibility, etc | edited by D. Rajagopal |
| Remainder of title | third series; from the notebooks of J. Krishnamurti |
| 260 ## - PUBLICATION, DISTRIBUTION, ETC. (IMPRINT) | |
| Place of publication, distribution, etc | Chennai |
| Name of publisher, distributor, etc | Krishnamurti Foundation India |
| Date of publication, distribution, etc | 2007 (repr.) |
| 270 ## - ADDRESS | |
| Address | Vasanta Vihar, 124, Greenways Road |
| City | Chennai |
| Postal code | 600 028 |
| Electronic mail address | publications@kfionline.org |
| 300 ## - PHYSICAL DESCRIPTION | |
| Extent | 372p. |
| Dimensions | 23cm. (pbk) |
| 700 ## - ADDED ENTRY--PERSONAL NAME | |
| Personal name | Rajagopal, D. |
| 710 ## - ADDED ENTRY--CORPORATE NAME | |
| Corporate name or jurisdiction name as entry element | Copyright Paperback Collection (Library of Congress) |
| 942 ## - ADDED ENTRY ELEMENTS (KOHA) | |
| Source of classification or shelving scheme | Dewey Decimal Classification |
| Item type | English Books |
| Call number suffix | COM |
| Classification part | 181.499 |
| Withdrawn status | Lost status | Source of classification or shelving scheme | Damaged status | Not for loan | Collection code | Home library | Current library | Date acquired | Source of acquisition | Cost, normal purchase price | Total Checkouts | Full call number | Barcode | Date last seen | Copy number | Cost, replacement price | Koha item type | Total Renewals |
|---|---|---|---|---|---|---|---|---|---|---|---|---|---|---|---|---|---|---|
| Dewey Decimal Classification | Non-fiction | Central Library | Central Library | 30/05/2009 | UBH/282/29.12.08/267/12.12.08/12.2.09 | 175.00 | 181.499 COM | B-317061 | 30/05/2009 | 1 | 175.00 | English Books | ||||||
| Dewey Decimal Classification | Non-fiction | Janak Puri | Janak Puri | 22/09/2009 | UBH/102/15.9.09/94/4.9.09/16.9.09 | 175.00 | 8 | 181.499 COM | B-358646 | 26/02/2021 | 1 | 175.00 | English Books | 1 | ||||
| Dewey Decimal Classification | Non-fiction | Karol Bagh | Karol Bagh | 30/05/2009 | UBH/282/29.12.08/267/12.12.08/12.2.09 | 175.00 | 181.499 COM | B-317065 | 30/05/2009 | 1 | 175.00 | English Books | ||||||
| Dewey Decimal Classification | Non-fiction | Patel Nagar | Patel Nagar | 30/05/2009 | UBH/282/29.12.08/267/12.12.08/12.2.09 | 175.00 | 2 | 181.499 COM | B-317062 | 27/09/2022 | 1 | 175.00 | English Books | 4 | ||||
| Dewey Decimal Classification | Non-fiction | Sarojini Nagar | Sarojini Nagar | 30/05/2009 | UBH/282/29.12.08/267/12.12.08/12.2.09 | 175.00 | 9 | 181.499 COM | B-317063 | 19/04/2016 | 1 | 175.00 | English Books | 1 | ||||
| Dewey Decimal Classification | Non-fiction | Shahdara Branch | Shahdara Branch | 30/05/2009 | UBH/282/29.12.08/267/12.12.08/12.2.09 | 175.00 | 181.499 COM | B-317066 | 30/05/2009 | 1 | 175.00 | English Books | ||||||
| Dewey Decimal Classification | Non-fiction | Vinoba Puri | Vinoba Puri | 30/05/2009 | UBH/282/29.12.08/267/12.12.08/12.2.09 | 175.00 | 2 | 181.499 COM | B-317064 | 13/04/2024 | 1 | 175.00 | English Books | 2 |
